| 000 | 00824nam a22002417a 4500 | ||
|---|---|---|---|
| 005 | 20240612165315.0 | ||
| 010 | _aENG-140591 | ||
| 020 |
_a9789355329509 _c750.00 |
||
| 035 | _aEN-124123 | ||
| 037 | _bDBAD | ||
| 082 |
_a004.67 _22 |
||
| 100 |
_aBuyya, Rajkumar _967450 |
||
| 245 |
_aMastering Cloud Computing: _bPowering AI, Big Data, And Lot Applications/ _cBy Rajkumar Buyya...[et.al] |
||
| 250 | _a2 | ||
| 260 |
_aChennai _bMc Graw Hill Education _c2024 |
||
| 270 |
_a444/1,Sri Ekambara Naicker Industrial Estate, Alapakkam Porur _bChennai _e600116 |
||
| 300 |
_axviii, 510p. _c24cm(pbk) _bindex |
||
| 700 |
_aVecchiola, Christian _967418 |
||
| 700 |
_aSelvi, Thamarai _967419 |
||
| 700 |
_aPoojara, Shivananda _967420 |
||
| 700 |
_aSrirama, Satish N _967421 |
||
| 942 |
_2ddc _cEN _h004.67 _mBUY _e2 |
||
| 999 |
_c203558 _d203558 |
||